| 000 | 00942cab a2200193 4500 | ||
|---|---|---|---|
| 001 | WB2612-26 | ||
| 008 | 090401t1990 xxu||||| |||| 00| 0 eng d | ||
| 035 | _a(Sirsi) u15706 | ||
| 041 | _aeng | ||
| 245 | _aExtent of accommodation | ||
| 260 | _c1990 | ||
| 350 | _a0 | ||
| 490 |
_aTimes _v20/3/90 p30 |
||
| 520 | _aJones and another v Cook and another CA 15 March 1990. An appeal against an order for possession . Possession had been granted on the basis of a certificate issued by a housing authority under Rent Act 1977 schedule 15 para 5(2) stating that accommodation offered to the tenant was similar in extent to council-owned dwelling houses which might be provided for families of similar size. CA considered that it could not decide the validity of the certificate; case remitted to county court. | ||
| 650 | _aSUITABLE ALTERNATIVE ACCOMMODATION | ||
| 690 | _aPROPERTY-LANDLORD AND TENANT | ||
| 942 | _n0 | ||
| 948 | _c04/03/1997 | ||
| 999 |
_c10325 _d10325 |
||